00482nam a2200145Ia 450000500170000000800410001710000280005824500600008626000090014630000100015565000330016594200070019899900150020595201160022020260328101531.0260328s9999||||xx |||||||||||||| ||und|| aGonzález Lobo, Carlos 0aEspacio Máximo Costo Minimo /cCarlos González Lobo bUIA  a20 p. aVIVIENDA DE INTERÉS SOCIAL cBK c9968d9968 001040708GENaGPCbGPCcGENd2026-03-28i3814l0o728.2 G 5891p3814r2026-03-28 15:15:31t1w2026-03-28yBK